000 01038nam0a22002771 4500
001 rc\726884
005 20250622111120.0
035 _a(NLR Aleph) 006257921
090 _a6817846
_c6817846
100 _a20040301d1985 |||y0rusy50 ca
101 0 _arus
102 _aRU
105 _ay |||||||||
200 1 _aПроблемы обеспечения народного хозяйства трудовыми ресурсами
_fЖ.А. Зайончковская, к. г. н.
210 _aКиев
_cО-во "Знание" УССР
_cРДЭНТП
_d1985
215 _a[1], 15 с.
_d20
225 1 _aАктуальные проблемы демографической политики
225 1 _aВ помощь лектору
300 _aВ надзаг.: О-во "Знание" УССР
320 _aБиблиогр.: с. 15
700 1 _aЗайончковская
_bЖ.А.
_gЖанна Антоновна
801 0 _aRU
_bNLR
_gpsbo
801 1 _aRU
_bELAR
_2rusmarc
852 _aNLR
_j85-4/30909
942 _cBOOK
980 _aNB